000 01043nam a22002537a 4500
001 4106
003 FISKH
005 20240607082604.0
008 240607b cb ||||| |||| 00| 0 eng d
010 _a 85041062
020 _a0670813028
040 _aDLC
_cDLC
_dDLC
050 0 0 _aPS3561.I483
_bI8 1986
082 0 0 _a813/.54
_219
100 1 _aKing, Stephen
_d1947-
245 1 0 _aIt /
_cStephen King.
260 _aNew York :
_bViking,
_c1986
300 _a1067 pages :
_c20 cm
520 _aThey were seven teenagers when they first stumbled upon the horror. Now they were grown-up men and women who had gone out into the big world to gain success and happiness. But none of them could withstand the force that drew them back to Derry, Maine to face the nightmare without an end, and the evil without a name.
655 7 _aHorror tales.
_2gsafd
856 4 2 _3Contributor biographical information
_uhttp://www.loc.gov/catdir/enhancements/fy1209/85041062-b.html
906 _a7
_bcbc
_corignew
_d1
_eocip
_f19
_gy-gencatlg
942 _2ddc
_cBK
_n0
999 _c4106
_d4106